| 000 | 01138 a2200229 4500 | ||
|---|---|---|---|
| 003 | UA-OsUOA | ||
| 005 | 20260424161021.0 | ||
| 008 | 260424b un ||||| |||| 00| 0 ukr d | ||
| 040 |
_bukr _cUA-OsUOA |
||
| 041 | _aukr | ||
| 080 | _a159.923:378 | ||
| 090 |
_a159.923:378 _bТ41 |
||
| 100 |
_aТимощук Є. А. _925095 |
||
| 245 |
_aПсихологічні особливості формування саморегуляції майбутніх педагогів в умовах невизначеності _bдисертація: подається на здобуття наукового ступеня доктора філософії _cЄлизавета Анатоліївна Тимощук ; наук. кер. Руслана Володимирівна Каламаж |
||
| 260 |
_aОстрог _bб.в. _c2025 |
||
| 300 | _a247 с. | ||
| 650 |
_a159.9 Психологія _97 |
||
| 700 | 1 |
_aКаламаж Р. В. _eнаук. кер. _92193 |
|
| 942 |
_cBK _2udc |
||
| 955 | _a1 | ||
| 999 |
_c580562 _d580562 |
||